The politics of Egypt : state-society relationship /

محفوظ في:

المؤلف الرئيسي: Fahmy, Ninette S. (مؤلف)

التنسيق: كتاب

اللغة: English

منشور في: London ; New York : RoutledgeCurzon, 2002.

الموضوعات:

الوسوم: إضافة وسم

لا توجد وسوم, كن أول من يضع وسما على هذه التسجيلة!

رقم الطلب: DT107.87 .F335 2002

LEADER 00787namaa2200253 4500
001 2556
003 OSt
005 20250512095941.0
008 130303s2002 enka b 001 0 eng d
015 |a GBA1-V6956 
020 |a 0700716106 
040 |c ARCE Library 
043 |a f-ua--- 
050 4 |a DT107.87 .F335 2002 
100 1 |a Fahmy, Ninette S.,  |e author 
245 1 4 |a The politics of Egypt :  |b state-society relationship /  |c Ninette S. Fahmy. 
264 1 |a London ;  |a New York :  |b RoutledgeCurzon,  |c 2002. 
300 |a xiii, 311 pages :  |b illustrations ;  |c 25 cm. 
504 |a Includes bibliographical references (p. 290-302) and index. 
651 0 |a Egypt   |x Politics and government   |y 1981- 
651 0 |a Egypt  |x Social conditions. 
901 |a reviewed 
942 |c BK  |2 lcc 
999 |c 6317  |d 6317